LIBRARY & INFORMATION CENTRE, KCAET, TAVANUR

ONLINE PUBLIC ACCESS CATALOGUE (OPAC)

Surveying technology and practice (Record no. 16675)

MARC details
000 -LEADER
fixed length control field 00260nam a22001097a 4500
003 - CONTROL NUMBER IDENTIFIER
control field OSt
008 - FIXED-LENGTH DATA ELEMENTS--GENERAL INFORMATION
fixed length control field 210118b ||||| |||| 00| 0 eng d
082 ## - DEWEY DECIMAL CLASSIFICATION NUMBER
Classification number 624.1517
Item number DAV/SU
100 ## - MAIN ENTRY--AUTHOR NAME
Personal name Davis, M. S
245 ## - TITLE STATEMENT
Title Surveying technology and practice
942 ## - ADDED ENTRY ELEMENTS (KOHA)
Koha item type Books
Holdings
Withdrawn status Lost status Damaged status Home library Current library Date acquired Full call number Accession Number Koha item type
      KAUAET KAUAET 18/01/2021 624.1517 DAV/SU 1816 Books
free website counter